Photosynthesis : (Record no. 5533)

MARC details
000 -LEADER
fixed length control field 01085nac a22002891i 4500
003 - CONTROL NUMBER IDENTIFIER
control field EG-ScBUE
005 - DATE AND TIME OF LATEST TRANSACTION
control field 20260302095114.0
008 - FIXED-LENGTH DATA ELEMENTS--GENERAL INFORMATION
fixed length control field 260302t1998 enka f b 001 0 eng d
020 ## - INTERNATIONAL STANDARD BOOK NUMBER
International Standard Book Number 052157000X (hardbound)
020 ## - INTERNATIONAL STANDARD BOOK NUMBER
International Standard Book Number 9780521570008
040 ## - CATALOGING SOURCE
Original cataloging agency EG-ScBUE
Language of cataloging eng
Description conventions rda
Transcribing agency EG-ScBUE
Modifying agency EG-ScBUE
082 04 - DEWEY DECIMAL CLASSIFICATION NUMBER
Classification number 572.46
Item number PHO
Edition number 22
245 00 - TITLE STATEMENT
Title Photosynthesis :
Remainder of title a comprehensive treatise /
Statement of responsibility, etc edited by A. S. Raghavendra.
264 #1 - PUBLICATION, DISTRIBUTION, ETC. (IMPRINT)
Place of publication, distribution, etc Cambridge, U.K. ;
-- New York, NY, USA :
Name of publisher, distributor, etc Cambridge University Press,
Date of publication, distribution, etc [1998]
264 #4 - PUBLICATION, DISTRIBUTION, ETC. (IMPRINT)
Date of publication, distribution, etc c1998
300 ## - PHYSICAL DESCRIPTION
Extent xviii, 376 pages :
Other physical details illustrations ;
Dimensions 26 cm
336 ## - CONTENT TYPE
Source rdacontent
Content type term text
Content type code txt
337 ## - MEDIA TYPE
Media type term unmediated
Source rdamedia
Media type code n
338 ## - CARRIER TYPE
Carrier type term volume
Carrier type code nc
Source rdacarrier
504 ## - BIBLIOGRAPHY, ETC. NOTE
Bibliography, etc Includes bibliographical references and index.
650 #7 - SUBJECT ADDED ENTRY--TOPICAL TERM
Topical term or geographic name as entry element Photosynthesis.
Source of heading or term BUEsh
655 ## - INDEX TERM--GENRE/FORM
Form subdivision Reading book
700 1# - ADDED ENTRY--PERSONAL NAME
Personal name Raghavendra, A. S.,
Relator term editor.
856 42 - ELECTRONIC LOCATION AND ACCESS
Materials specified Publisher description
Uniform Resource Identifier <a href="http://www.loc.gov/catdir/description/cam028/97004035.html">http://www.loc.gov/catdir/description/cam028/97004035.html</a>
856 42 - ELECTRONIC LOCATION AND ACCESS
Materials specified Table of contents
Uniform Resource Identifier <a href="http://www.loc.gov/catdir/toc/cam026/97004035.html">http://www.loc.gov/catdir/toc/cam026/97004035.html</a>
942 ## - ADDED ENTRY ELEMENTS (KOHA)
Koha item type Book - Borrowing
Source of classification or shelving scheme Dewey Decimal Classification
Holdings
Withdrawn status Lost status Source of classification or shelving scheme Damaged status Not for loan Collection code Home library Current library Shelving location Date acquired Source of acquisition Total Checkouts Full call number Barcode Date last seen Price effective from Koha item type
    Dewey Decimal Classification     Baccah Central Library Central Library First floor 30/10/2007 Purchase   572.46 PHO 000006588 15/07/2025 30/10/2007 Book - Borrowing